Library Banner

Harmony between architecture & scenery / (Record no. 104839)

MARC details
000 -LEADER
fixed length control field 00446nam a22001577a 4500
005 - DATE AND TIME OF LATEST TRANSACTION
control field 20180519091505.0
008 - FIXED-LENGTH DATA ELEMENTS--GENERAL INFORMATION
fixed length control field 180519b xxu||||| |||| 00| 0 eng d
020 ## - INTERNATIONAL STANDARD BOOK NUMBER
International Standard Book Number 9789881545237
040 ## - CATALOGING SOURCE
Transcribing agency PK-LaUMT
082 ## - DEWEY DECIMAL CLASSIFICATION NUMBER
Classification number 712
Item number HAR-
245 ## - TITLE STATEMENT
Title Harmony between architecture & scenery /
Statement of responsibility, etc edited by Luc Wagner and Jorg Weber
260 ## - PUBLICATION, DISTRIBUTION, ETC. (IMPRINT)
Place of publication, distribution, etc Hong Kong :
Name of publisher, distributor, etc Design Media Publishing,
Date of publication, distribution, etc 2013
300 ## - PHYSICAL DESCRIPTION
Extent 271 p.
650 ## - SUBJECT ADDED ENTRY--TOPICAL TERM
Topical term or geographic name as entry element Architecture
942 ## - ADDED ENTRY ELEMENTS (KOHA)
Koha item type Books
Holdings
Withdrawn status Lost status Damaged status Home library Current library Date acquired Full call number Barcode Date last seen Price effective from Koha item type
      UMT Main Campus UMT Main Campus 2018-05-19 712 HAR- 121325 2018-05-19 2018-05-19 Books